000 00329 a2200145 4500
001 168877
020 _a
040 _cMagnum
100 _aFreitas, Maria Tereza de Assuncao (Org.)
240 1 0 _aVygotsky um seculo depois
_lpor
245 1 0 _aVygotsky um seculo depois
362 0 _a1899
697 _aPEDAGOGIA
942 _cBK
999 _c168877
_d168877